[Event "Titled Tuesday intern op 15 Mar Early"]
[Site "Chess.com INT"]
[Date "2022.03.15"]
[Round "7"]
[White "Quirke, Jeffrey"]
[Black "Gulecyuz, Deniz Alp"]
[Result "0-1"]
[WhiteElo "2086"]
[BlackElo "1975"]
[PlyCount "56"]
[EventDate "2022.03.15"]
[EventType "swiss (blitz)"]
[EventRounds "11"]
[EventCountry "USA"]
[SourceTitle "CBM 207 Extra"]
[Source "ChessBase"]
[SourceDate "2022.05.31"]
[SourceVersion "1"]
[SourceVersionDate "2022.05.31"]
[SourceQuality "1"]

1. c4 Nf6 2. g3 g6 3. Bg2 Bg7 4. Nc3 0-0 5. Nf3 c5 6. 0-0 d6 7. Ne1 Nc6 8. Nc2 Bd7 9. Rb1 Rb8 10. a3 a6 11. b4 Ne5 12. d3 b5 13. bxc5 bxc4 14. cxd6 exd6 15. d4 Nc6 16. Bf4 Qc7 17. Rxb8 Rxb8 18. Ne3 Rb3 19. Qd2 Qa5 20. Rc1 Ne8 21. Nxc4 Qc7 22. Nd5 Qd8 23. Nxd6 Nxd6 24. Bxd6 Be6 25. Rxc6 Rb1+ 26. Rc1 Rxc1+ 27. Qxc1 Qxd6 28. e4 Bxd4 0-1

[Event "Titled Tuesday intern op 08th Mar Early"]
[Site "Chess.com INT"]
[Date "2022.03.08"]
[Round "1"]
[White "Alinasab, Mobina"]
[Black "Gulecyuz, Deniz Alp"]
[Result "1-0"]
[WhiteElo "2325"]
[BlackElo "1975"]
[PlyCount "69"]
[EventDate "2022.03.08"]
[EventType "swiss (blitz)"]
[EventRounds "11"]
[EventCountry "USA"]
[SourceTitle "CBM 207 Extra"]
[Source "ChessBase"]
[SourceDate "2022.05.31"]
[SourceVersion "1"]
[SourceVersionDate "2022.05.31"]
[SourceQuality "1"]

1. e4 c5 2. Nf3 Nc6 3. d4 cxd4 4. Nxd4 Nf6 5. Nc3 e5 6. Ndb5 d6 7. Bg5 a6 8. Na3 b5 9. Bxf6 gxf6 10. Nd5 Bg7 11. Bd3 Ne7 12. c4 Nxd5 13. cxd5 f5 14. 0-0 fxe4 15. Bxe4 0-0 16. Qh5 f5 17. Bc2 e4 18. Rab1 Qe8 19. Qxe8 Rxe8 20. Bb3 f4 21. Nc2 e3 22. fxe3 fxe3 23. Rbe1 Bxb2 24. Rf3 e2 25. Rf2 Bg4 26. h3 Bh5 27. g4 Bg6 28. Rfxe2 Rxe2 29. Rxe2 Rc8 30. Nb4 a5 31. Nc6 a4 32. Ne7+ Kf7 33. Nxc8 axb3 34. Nxd6+ Kf6 35. Rxb2 1-0

[Event "Titled Tuesday intern op 08th Mar Early"]
[Site "Chess.com INT"]
[Date "2022.03.08"]
[Round "10"]
[White "Gulecyuz, Deniz Alp"]
[Black "Gatterer, Florian"]
[Result "0-1"]
[WhiteElo "1975"]
[BlackElo "2165"]
[PlyCount "96"]
[EventDate "2022.03.08"]
[EventType "swiss (blitz)"]
[EventRounds "11"]
[EventCountry "USA"]
[SourceTitle "CBM 207 Extra"]
[Source "ChessBase"]
[SourceDate "2022.05.31"]
[SourceVersion "1"]
[SourceVersionDate "2022.05.31"]
[SourceQuality "1"]

1. Nf3 c5 2. g3 g6 3. Bg2 Bg7 4. c4 Nc6 5. d3 e6 6. 0-0 Nge7 7. Nc3 0-0 8. Bd2 d5 9. a3 b6 10. Qc2 dxc4 11. dxc4 Bb7 12. Rfd1 Qc8 13. Nb5 Rd8 14. Bf4 e5 15. Bg5 f6 16. Be3 Nd4 17. Nfxd4 cxd4 18. Bd2 Bxg2 19. Kxg2 a6 20. Bb4 Nf5 21. e4 axb5 22. exf5 Qxc4 23. Rac1 Qxc2 24. Rxc2 gxf5 25. Rc6 Rac8 26. Rxb6 Rd5 27. Be7 Kf7 28. Rb7 Ke6 29. Bd8 Rdxd8 30. Rxg7 Rd7 31. Rxd7 Kxd7 32. Rd2 Ke6 33. Kf3 Kd5 34. Ke2 e4 35. Kd1 d3 36. b3 Kd4 37. a4 bxa4 38. bxa4 Rb8 39. Kc1 Kc3 40. Ra2 Ra8 41. a5 Ra6 42. Kd1 h5 43. h4 Kb4 44. Kd2 Rxa5 45. Rb2+ Kc4 46. Rb6 Ra2+ 47. Kd1 Rxf2 48. Rxf6 Kd4 0-1

[Event "Titled Tuesday intern op 08th Mar Early"]
[Site "Chess.com INT"]
[Date "2022.03.08"]
[Round "7"]
[White "Lauridsen, Jesper Morch"]
[Black "Gulecyuz, Deniz Alp"]
[Result "0-1"]
[WhiteElo "2208"]
[BlackElo "1975"]
[PlyCount "110"]
[EventDate "2022.03.08"]
[EventType "swiss (blitz)"]
[EventRounds "11"]
[EventCountry "USA"]
[SourceTitle "CBM 207 Extra"]
[Source "ChessBase"]
[SourceDate "2022.05.31"]
[SourceVersion "1"]
[SourceVersionDate "2022.05.31"]
[SourceQuality "1"]

1. e4 c5 2. Nf3 Nc6 3. d4 cxd4 4. Nxd4 Nf6 5. Nc3 e5 6. Nf5 d5 7. exd5 Bxf5 8. dxc6 Qxd1+ 9. Nxd1 bxc6 10. Ne3 Bg6 11. Be2 Bc5 12. 0-0 0-0 13. c3 Rfe8 14. Nc4 Rad8 15. Bg5 h6 16. Bxf6 gxf6 17. Rad1 Kf8 18. b4 Be7 19. Na5 c5 20. Nc6 Rxd1 21. Rxd1 cxb4 22. Nxe7 Kxe7 23. cxb4 Rc8 24. a4 Bc2 25. Rc1 Kd8 26. Bd1 Bd3 27. Rxc8+ Kxc8 28. f3 f5 29. Kf2 f6 30. Ke3 Bf1 31. g3 Kc7 32. Bc2 Bh3 33. a5 Kd6 34. Ba4 Bf1 35. b5 Kc5 36. b6 axb6 37. axb6 Kxb6 38. Bc2 Bh3 39. Bd1 Kc5 40. g4 fxg4 41. fxg4 Bg2 42. h4 Kd6 43. Bb3 Bd5 44. Bc2 Be6 45. Kf3 Kc5 46. Bg6 Kd4 47. Bh7 e4+ 48. Ke2 Bxg4+ 49. Kf2 f5 50. h5 f4 51. Bg6 e3+ 52. Ke1 f3 53. Bf7 f2+ 54. Kf1 Bh3+ 55. Ke2 f1Q# 0-1

[Event "Titled Tuesday intern op 08th Mar Early"]
[Site "Chess.com INT"]
[Date "2022.03.08"]
[Round "11"]
[White "Qashashvili, Alexandre"]
[Black "Gulecyuz, Deniz Alp"]
[Result "1-0"]
[WhiteElo "2505"]
[BlackElo "1975"]
[PlyCount "71"]
[EventDate "2022.03.08"]
[EventType "swiss (blitz)"]
[EventRounds "11"]
[EventCountry "USA"]
[SourceTitle "CBM 207 Extra"]
[Source "ChessBase"]
[SourceDate "2022.05.31"]
[SourceVersion "1"]
[SourceVersionDate "2022.05.31"]
[SourceQuality "1"]

1. e4 c5 2. Nc3 Nc6 3. Nf3 Nf6 4. d3 e6 5. Be2 d5 6. exd5 exd5 7. d4 Be7 8. 0-0 0-0 9. h3 h6 10. Re1 Bf5 11. dxc5 Bxc5 12. Bf4 Rc8 13. Ne5 Ne4 14. Nxc6 bxc6 15. Nxe4 Bxe4 16. Bg3 Qb6 17. b3 Bd4 18. Rb1 Bc3 19. Rf1 Rfe8 20. Bd3 a5 21. Bxe4 Rxe4 22. Qd3 Qd4 23. Qxd4 Bxd4 24. Rfe1 Rce8 25. Kf1 Bc3 26. Rxe4 Rxe4 27. Rd1 f6 28. f3 Re8 29. Be1 Bxe1 30. Rxe1 Re5 31. Rd1 Kf7 32. Rd4 Re3 33. c4 Ke6 34. cxd5+ cxd5 35. Ra4 Rxb3 36. axb3 1-0